000 01146nam0a22002531 4500
001 rc\804019
005 20250621235933.0
035 _a(NLR Aleph) 005988076
090 _a7098686
_c7098686
100 _a20041129d1984 |||y0rusy50 ca
101 0 _arus
102 _aRU
105 _ay |||||||||
200 1 _aЛекарственные средства, применяемые для лечения железодефицитных анемий у детей раннего возраста
_e(Метод. рекомендации)
_fМ-во здравоохранения БССР, Гл. аптеч. упр., Белорус. НИИ охраны материнства и детства
_g[Сост. И.Б. Дзикович, Пашковой Г.В.]
210 _aМинск
_cБ. и.
_d1984 (обл. 1985)
215 _a24 с.
_d20
320 _aБиблиогр.: с. 24 (7 назв.)
702 1 _aДзикович
_bИ.Б.
_gИрина Борисовна
_4220
712 0 1 _aБССР
_bГлавное аптечное упр.
801 0 _aRU
_bNLR
_gpsbo
801 1 _aRU
_bELAR
_2rusmarc
852 _aNLR
_j85-4/40800
942 _cBOOK
980 _aNB